000 00581nam a22001817a 4500
005 20170818105841.0
010 _aENG-119745
020 _a9788190359160
_c650.00
035 _aEN-103277
037 _bDBAD/PUB
082 _a355.0092
100 _aChandra Shekhar
245 _aGorkha hat and maroon beret :
_cby Chandra Shekhar
_bEveryman an emperor /
260 _aNew Delhi
_bAmbi Knowledge Resources
_c2016
270 _aC-4/5 Safderjung Development Area,
_bNew Delhi
_e110006
300 _a245p.
_c21cm(pbk)
_bill.(col.)
942 _2ddc
_cEN
_h355.0092
_mCHA
999 _c143528
_d143528